| 000 | 00344nam a2200121Ia 4500 | ||
|---|---|---|---|
| 008 | 220217s9999 xx 000 0 und d | ||
| 245 | 0 | _aSpecification for single texture water proof fabrics | |
| 260 | _aNew Delhi | ||
| 260 |
_c1970 _bBureau of Indian Standards |
||
| 490 | _aIndian Standard | ||
| 500 | _aStandard number: IS 5915 | ||
| 942 | _cST | ||
| 999 |
_c73874 _d73874 |
||